000 00335nam a2200133 4500
020 _a9780070699687
100 1 _aDoebelin, Ernest O.
245 1 0 _aMeasurement systems:
260 _aNew Delhi,
_bTata McGraw-Hill
_c2007
300 _axiv, 760 p.
_billus.
650 0 _aMeasuring instruments
700 _aManik, Dhanesh N
942 _cBK
999 _c13673
_d13673